[Event "RSSS-ch"]
[Site "Ekaterinburg"]
[Date "2014.09.29"]
[Round "7"]
[White "Bazarzhapov, Dugar"]
[Black "Valiullina, Luiza"]
[Result "0-1"]
[WhiteElo "1827"]
[BlackElo "1963"]
[PlyCount "44"]
[EventDate "2014.09.23"]
[EventType "swiss"]
[EventRounds "9"]
[EventCountry "RUS"]
[SourceTitle "EXT 2015"]
[Source "ChessBase"]
[SourceDate "2014.11.20"]
[SourceVersion "1"]
[SourceVersionDate "2014.11.20"]
[SourceQuality "1"]

1. e4 c5 2. Nf3 Nf6 3. Nc3 Nc6 4. d4 d5 5. dxc5 d4 6. Nb5 e5 7. Nd6+ Bxd6 8. cxd6 Nxe4 9. Be2 0-0 10. 0-0 Nxd6 11. Re1 Re8 12. c3 dxc3 13. bxc3 f6 14. Ba3 Nf7 15. Qb3 Qc7 16. Red1 Be6 17. Qc2 g6 18. Qe4 Rad8 19. Qh4 Kg7 20. g4 Qa5 21. Bb2 Qa4 22. Qg3 Qc2 0-1

[Event "RUS-ch U26 (Women)"]
[Site "Saratov"]
[Date "2013.10.01"]
[Round "8"]
[White "Valiullina, Luiza"]
[Black "Muslimova, Yana"]
[Result "1-0"]
[WhiteElo "1940"]
[BlackElo "1702"]
[PlyCount "53"]
[EventDate "2013.09.24"]
[EventType "swiss"]
[EventRounds "9"]
[EventCountry "RUS"]
[SourceTitle "EXT 2015"]
[Source "ChessBase"]
[SourceDate "2014.11.20"]
[SourceVersion "1"]
[SourceVersionDate "2014.11.20"]
[SourceQuality "1"]

1. e4 c5 2. d4 cxd4 3. c3 dxc3 4. Nxc3 Nc6 5. Bc4 e6 6. Nf3 a6 7. 0-0 Qc7 8. Qe2 b5 9. Bb3 Bb7 10. Rd1 d6 11. Bf4 Be7 12. Rac1 Rd8 13. Nd5 Qb8 14. Nxe7 Ngxe7 15. Ng5 Ng6 16. Qh5 h6 17. Nxe6 Nce5 18. Bxe5 Nxe5 19. Nxd8 Qxd8 20. f4 Ng6 21. Bxf7+ Kxf7 22. Qf5+ Qf6 23. Rc7+ Ne7 24. Qxf6+ gxf6 25. Rxb7 Rc8 26. Rxd6 Ke8 27. Re6 1-0

[Event "RUS-ch U26 (Women)"]
[Site "Uljanovsk"]
[Date "2012.09.23"]
[Round "7"]
[White "Valiullina, Luiza"]
[Black "Cheremnova, Tamara"]
[Result "0-1"]
[WhiteElo "1953"]
[BlackElo "2243"]
[PlyCount "74"]
[EventDate "2012.09.17"]
[EventType "swiss"]
[EventRounds "9"]
[EventCountry "RUS"]
[SourceTitle "CBM 150 Extra"]
[Source "ChessBase"]
[SourceDate "2012.10.19"]
[SourceVersion "1"]
[SourceVersionDate "2012.10.19"]
[SourceQuality "1"]

1. e4 c6 2. d4 d5 3. e5 Bf5 4. Nc3 e6 5. g4 Bg6 6. Nge2 c5 7. h4 h5 8. Nf4 Bh7 9. g5 cxd4 10. Nb5 Be4 11. f3 Bf5 12. Nxd4 Ne7 13. Bd3 Bxd3 14. Nxd3 Nbc6 15. Be3 Qc7 16. f4 Nxd4 17. Bxd4 Nf5 18. Bf2 b6 19. Qe2 Rc8 20. 0-0-0 g6 21. Kb1 Bc5 22. Nxc5 bxc5 23. Qb5+ Kf8 24. Rh3 Kg7 25. Ra3 Rhd8 26. Qa5 Rd7 27. Qa4 d4 28. Qc4 Rb8 29. Rb3 Rb6 30. c3 Rxb3 31. axb3 Qb7 32. cxd4 cxd4 33. Ka2 Qf3 34. Qa4 Rc7 35. Rd2 Qxf4 36. Qa5 Rc1 37. Qb4 Qe4 0-1

[Event "RUS-ch U26 (Women)"]
[Site "Uljanovsk"]
[Date "2012.09.17"]
[Round "1"]
[White "Valiullina, Luiza"]
[Black "Smirnova, Anastasia"]
[Result "1-0"]
[WhiteElo "1953"]
[BlackElo "2079"]
[PlyCount "49"]
[EventDate "2012.09.17"]
[EventType "swiss"]
[EventRounds "9"]
[EventCountry "RUS"]
[SourceTitle "CBM 150 Extra"]
[Source "ChessBase"]
[SourceDate "2012.10.19"]
[SourceVersion "1"]
[SourceVersionDate "2012.10.19"]
[SourceQuality "1"]

1. e4 e5 2. Nf3 d6 3. d4 exd4 4. Nxd4 Be7 5. Bc4 Nf6 6. Nc3 0-0 7. f3 Bd7 8. Be3 Nc6 9. Qd2 Ne5 10. Be2 h6 11. 0-0-0 a6 12. g4 Nh7 13. Rdg1 Ng6 14. Nf5 Bf6 15. Nd5 Ng5 16. h4 Nh7 17. Nxf6+ Nxf6 18. g5 Nh7 19. gxh6 Bxf5 20. exf5 Nxh4 21. Rxg7+ Kh8 22. Bd3 Nxf3 23. Qg2 Ne5 24. Rxh7+ Kxh7 25. Qg7# 1-0

[Event "Tatarstan-ch (Women)"]
[Site "Kazan"]
[Date "2012.09.07"]
[Round "5.3"]
[White "Valiullina, Luiza"]
[Black "Galimzianova, Aliya"]
[Result "0-1"]
[WhiteElo "1953"]
[BlackElo "1953"]
[PlyCount "68"]
[EventDate "2012.09.03"]
[EventType "swiss"]
[EventRounds "9"]
[EventCountry "RUS"]
[SourceTitle "EXT 2022"]
[Source "ChessBase"]
[SourceDate "2021.10.06"]
[SourceVersion "1"]
[SourceVersionDate "2021.10.06"]
[SourceQuality "1"]

1. e4 e6 2. d4 d5 3. Nd2 Nf6 4. e5 Nfd7 5. Bd3 c5 6. c3 Nc6 7. Ne2 cxd4 8. cxd4 f6 9. exf6 Nxf6 10. Nf3 Bd6 11. 0-0 Qc7 12. Nc3 a6 13. Be3 0-0 14. Rc1 Bd7 15. h3 Be8 16. Ng5 Bf7 17. Na4 h6 18. Nxf7 Qxf7 19. Nc5 e5 20. dxe5 Nxe5 21. Be2 Rad8 22. Qb3 Rb8 23. Qb6 Qe7 24. Rfd1 Rfc8 25. Nb3 Nc6 26. Bf3 Nd7 27. Bxd5+ Kh8 28. Bg5 Qxg5 29. Qe3 Bf4 30. Qe6 Bxc1 31. Rxc1 Nf6 32. Bxc6 Rxc6 33. Rxc6 bxc6 34. Qxc6 Re8 0-1

[Event "Uljanovsk Privolje op"]
[Site "Uljanovsk"]
[Date "2012.01.31"]
[Round "2"]
[White "Valiullina, Luiza"]
[Black "Tsai, Roman"]
[Result "1-0"]
[WhiteElo "1938"]
[BlackElo "1876"]
[PlyCount "132"]
[EventDate "2012.01.31"]
[EventType "swiss"]
[EventRounds "9"]
[EventCountry "RUS"]
[SourceTitle "EXT 2013"]
[Source "ChessBase"]
[SourceDate "2012.11.22"]
[SourceVersion "1"]
[SourceVersionDate "2012.11.22"]
[SourceQuality "1"]

1. e4 c5 2. Nf3 Nc6 3. d4 cxd4 4. Nxd4 d6 5. Nc3 g6 6. Be3 Bg7 7. Qd2 Nf6 8. f3 0-0 9. 0-0-0 a6 10. Nb3 Be6 11. Nd5 Nd7 12. Bh6 Rc8 13. Kb1 Bxd5 14. exd5 Nce5 15. h4 Qc7 16. Bxg7 Kxg7 17. h5 Kg8 18. Nd4 Qb6 19. Qh6 Nf6 20. hxg6 fxg6 21. Ne6 Rf7 22. Qh3 Qf2 23. Rc1 Nh5 24. Nf4 Rc5 25. Nxh5 gxh5 26. Qxh5 Qd2 27. Rh3 Rxd5 28. Rg3+ Ng6 29. Qg4 Rc5 30. Bc4 d5 31. Bd3 Rc6 32. Qd7 e6 33. Qe8+ Kg7 34. Rh1 Kf6 35. Bxg6 hxg6 36. Qh8+ Ke7 37. Rc1 d4 38. Qh4+ Kd7 39. Rxg6 Rb6 40. b3 a5 41. Qg5 Qc3 42. Rg8 Re7 43. Rg7 Rxg7 44. Qxg7+ Kc6 45. Rd1 Kd5 46. Qd7+ Kc5 47. Qc7+ Rc6 48. Qe5+ Kb6 49. Qxd4+ Qxd4 50. Rxd4 e5 51. Re4 Rg6 52. g4 Rf6 53. Re3 Re6 54. Kc1 Kc6 55. Kd2 b5 56. Re4 Kd5 57. c3 Rf6 58. Re3 Rf4 59. Rd3+ Kc5 60. Ke3 a4 61. Rd8 b4 62. c4 axb3 63. axb3 Kc6 64. Rd5 Rf6 65. Rxe5 Rf8 66. f4 Rh8 1-0

[Event "Astrakhan op"]
[Site "Astrakhan"]
[Date "2011.08.25"]
[Round "9.13"]
[White "Kuanova, Ilmira"]
[Black "Valiullina, Luiza"]
[Result "0-1"]
[WhiteElo "1665"]
[BlackElo "1946"]
[PlyCount "88"]
[EventDate "2011.08.17"]
[EventType "swiss"]
[EventRounds "9"]
[EventCountry "RUS"]
[SourceTitle "EXT 2022"]
[Source "ChessBase"]
[SourceDate "2021.10.06"]
[SourceVersion "1"]
[SourceVersionDate "2021.10.06"]
[SourceQuality "1"]

1. d4 Nf6 2. g3 d5 3. Bg2 c5 4. e3 Nc6 5. Ne2 e6 6. b3 Be7 7. Bb2 0-0 8. Nd2 Bd7 9. 0-0 Rc8 10. e4 cxd4 11. exd5 exd5 12. Nxd4 Bg4 13. N2f3 Nxd4 14. Bxd4 Ne4 15. h3 Bf5 16. Qe2 Re8 17. Qb5 Rxc2 18. Qxb7 Rc7 19. Qb5 Nc3 20. Bxc3 Rxc3 21. Rfd1 Rc5 22. Qb7 a5 23. Qa6 Bf6 24. Rac1 Rxc1 25. Rxc1 d4 26. Rc5 Be4 27. Qc4 Qa8 28. Rc7 Bd5 29. Qd3 Qb8 30. Rc5 Be4 31. Qd1 Qb4 32. Rc4 Qb7 33. Ne1 h6 34. f3 Bc6 35. Rc2 Bb5 36. Rd2 Qe7 37. Nd3 Qe3+ 38. Kh2 Bxd3 39. Rxd3 Qe5 40. f4 Qf5 41. Qd2 Qc5 42. h4 Re3 43. Rxe3 dxe3 44. Qd7 g6 0-1

[Event "Astrakhan op"]
[Site "Astrakhan"]
[Date "2011.08.22"]
[Round "6.12"]
[White "Valiullina, Luiza"]
[Black "Sokolov, Vladimir"]
[Result "0-1"]
[WhiteElo "1946"]
[BlackElo "2031"]
[PlyCount "62"]
[EventDate "2011.08.17"]
[EventType "swiss"]
[EventRounds "9"]
[EventCountry "RUS"]
[SourceTitle "EXT 2022"]
[Source "ChessBase"]
[SourceDate "2021.10.06"]
[SourceVersion "1"]
[SourceVersionDate "2021.10.06"]
[SourceQuality "1"]

1. e4 d5 2. exd5 Nf6 3. Nf3 Nxd5 4. d4 g6 5. c4 Nb6 6. Nc3 Bg7 7. c5 Nd5 8. Bc4 e6 9. 0-0 0-0 10. Bg5 f6 11. Bd2 Kh8 12. Re1 Nc6 13. a3 g5 14. h3 h6 15. b4 f5 16. Ne5 Nxe5 17. dxe5 c6 18. Qe2 Re8 19. Qh5 Kh7 20. Bxd5 exd5 21. Bxg5 Qxg5 22. Qxe8 f4 23. g3 fxg3 24. Re3 gxf2+ 25. Kxf2 d4 26. Rg3 Qf4+ 27. Rf3 Qh2+ 28. Ke1 Qg1+ 29. Ke2 Qg2+ 30. Rf2 Bg4+ 31. Ke1 Qg1+ 0-1

[Event "RUS-ch (Women) 1st League 61st"]
[Site "Ivanovo"]
[Date "2011.02.27"]
[Round "7"]
[White "Chudinovskikh, Zinaida"]
[Black "Valiullina, Luiza"]
[Result "1/2-1/2"]
[WhiteElo "2105"]
[BlackElo "1938"]
[PlyCount "84"]
[EventDate "2011.02.21"]
[EventType "swiss"]
[EventRounds "9"]
[EventCountry "RUS"]
[SourceTitle "CBM 141 Extra"]
[Source "ChessBase"]
[SourceDate "2011.05.03"]
[SourceVersion "1"]
[SourceVersionDate "2011.05.03"]
[SourceQuality "1"]

1. Nf3 d5 2. d4 e6 3. e3 c6 4. Bd3 f5 5. c4 Nf6 6. Qc2 Ne4 7. Nc3 Bd6 8. c5 Bc7 9. b4 0-0 10. Ne5 Nd7 11. f4 Ndf6 12. 0-0 Bd7 13. a4 a6 14. a5 Nxc3 15. Qxc3 Qe8 16. Rf3 Qe7 17. Qe1 Be8 18. Qh4 Qd8 19. Rh3 h6 20. Be2 Ne4 21. Qxd8 Rxd8 22. Bb2 Bxe5 23. dxe5 Bg6 24. Rd1 Rd7 25. Bd4 Kh7 26. Kf1 Rdf7 27. Bf3 Rd7 28. Ke2 Rdf7 29. Rg1 Re8 30. Rh4 Kg8 31. g4 fxg4 32. Bxg4 Kh7 33. Bb2 Ree7 34. Bf3 Rf8 35. Rg2 Rc7 36. Bg4 Re7 37. Ke1 Rff7 38. Bf3 Rf8 39. Bd1 Rc7 40. Rg1 Re7 41. Rf1 Bf5 42. Rg1 Bg6 1/2-1/2

[Event "RUS-ch (Women) 1st League 61st"]
[Site "Ivanovo"]
[Date "2011.02.25"]
[Round "5"]
[White "Trubitsyna, Yulia"]
[Black "Valiullina, Luiza"]
[Result "1-0"]
[WhiteElo "2091"]
[BlackElo "1938"]
[PlyCount "103"]
[EventDate "2011.02.21"]
[EventType "swiss"]
[EventRounds "9"]
[EventCountry "RUS"]
[SourceTitle "CBM 141 Extra"]
[Source "ChessBase"]
[SourceDate "2011.05.03"]
[SourceVersion "1"]
[SourceVersionDate "2011.05.03"]
[SourceQuality "1"]

1. Nf3 d5 2. g3 c5 3. Bg2 Nc6 4. 0-0 e5 5. d3 f6 6. Nc3 Be6 7. a3 Qd7 8. e4 Nge7 9. exd5 Nxd5 10. Ne4 Be7 11. c3 0-0-0 12. b4 Nc7 13. bxc5 Qxd3 14. Nd6+ Rxd6 15. cxd6 Qxd6 16. Qc2 Nd5 17. a4 Qc7 18. Bb2 g6 19. Qe2 Nb6 20. a5 Nxa5 21. Rxa5 Bc4 22. Qe4 Bxf1 23. Bxf1 Kb8 24. Ra1 Rd8 25. c4 Bd6 26. Ba3 Bxa3 27. Rxa3 Rd1 28. Kg2 Qc5 29. Rd3 Rxd3 30. Bxd3 Kc7 31. Qh4 Qe7 32. c5 Nd7 33. c6 bxc6 34. Qa4 Qc5 35. h4 f5 36. Ne1 a5 37. Be2 Qd5+ 38. Kh2 e4 39. Ng2 Nb6 40. Qa1 Qd2 41. Qg7+ Nd7 42. Nf4 e3 43. fxe3 Qxe3 44. Qxh7 Qf2+ 45. Kh3 Qe1 46. Bf3 a4 47. Qxg6 Ne5 48. Qh7+ Kb6 49. Bg2 Qb1 50. Ne6 Ka6 51. Nc5+ Ka5 52. Qa7+ 1-0

[Event "Uljanovsk Privolje op"]
[Site "Uljanovsk"]
[Date "2011.02.05"]
[Round "7"]
[White "Nozdrin, Alexander V"]
[Black "Valiullina, Luiza"]
[Result "1-0"]
[WhiteElo "2367"]
[BlackElo "1938"]
[PlyCount "61"]
[EventDate "2011.02.01"]
[EventType "swiss"]
[EventRounds "9"]
[EventCountry "RUS"]
[SourceTitle "CBM 140 Extra"]
[Source "ChessBase"]
[SourceDate "2011.03.01"]
[SourceVersion "1"]
[SourceVersionDate "2011.03.01"]
[SourceQuality "1"]

1. d4 Nf6 2. Bg5 c5 3. d5 Qb6 4. Nc3 Qxb2 5. Bd2 Qb6 6. e4 d6 7. f4 e6 8. dxe6 Bxe6 9. Nf3 Nc6 10. Rb1 Qc7 11. f5 Bd7 12. Bc4 Ne5 13. Nxe5 dxe5 14. 0-0 Be7 15. g4 Bc6 16. Qe2 Rd8 17. g5 Nxe4 18. Nxe4 Bxe4 19. Qxe4 Rxd2 20. Rxb7 Qd6 21. Bb5+ Kf8 22. Rd7 Qxd7 23. Bxd7 Rxd7 24. Rb1 Bxg5 25. Rb8+ Bd8 26. Qxe5 f6 27. Qxc5+ Kf7 28. Qc4+ Kf8 29. Qe6 Rd1+ 30. Kf2 h5 31. Ke2 1-0

[Event "Kostroma Volga Cup op"]
[Site "Kostroma"]
[Date "2010.07.??"]
[Round "8"]
[White "Valiullina, Luiza"]
[Black "Simagin, Maxim"]
[Result "0-1"]
[WhiteElo "1902"]
[BlackElo "2040"]
[PlyCount "64"]
[EventDate "2010.07.??"]
[EventType "swiss"]
[EventRounds "9"]
[EventCountry "RUS"]
[SourceTitle "EXT 2011"]
[Source "ChessBase"]
[SourceDate "2010.11.26"]
[SourceVersion "1"]
[SourceVersionDate "2010.11.26"]
[SourceQuality "1"]

1. c4 f5 2. Nc3 Nf6 3. g3 e5 4. Bg2 Bb4 5. Nd5 Nxd5 6. cxd5 0-0 7. Qb3 a5 8. a3 Bd6 9. d3 Qf6 10. Nf3 h6 11. e4 a4 12. Qc4 Kh8 13. 0-0 c6 14. exf5 b5 15. Qg4 Qxf5 16. Qxf5 Rxf5 17. Re1 cxd5 18. Nh4 Rf6 19. Bxd5 Nc6 20. d4 g5 21. Bxc6 dxc6 22. dxe5 Bxe5 23. Rxe5 gxh4 24. Re8+ Kh7 25. gxh4 Rg6+ 26. Kh1 Be6 27. Re7+ Kg8 28. f3 Bd5 29. Re3 Rf8 30. h3 Bxf3+ 31. Kh2 Rg2+ 32. Kh1 Bd5 0-1

[Event "Privolzhskogo FO-ch (Women)"]
[Site "Izhevsk"]
[Date "2010.01.06"]
[Round "5"]
[White "Rashitova, Gulnara"]
[Black "Valiullina, Luiza"]
[Result "0-1"]
[WhiteElo "1838"]
[BlackElo "1805"]
[PlyCount "126"]
[EventDate "2010.01.04"]
[EventType "swiss"]
[EventRounds "9"]
[EventCountry "RUS"]
[SourceTitle "CBM 134 Extra"]
[Source "ChessBase"]
[SourceDate "2010.03.03"]
[SourceVersion "1"]
[SourceVersionDate "2010.03.03"]
[SourceQuality "1"]

1. e4 c5 2. Nf3 d6 3. d4 cxd4 4. Nxd4 Nf6 5. Nc3 a6 6. Bg5 e6 7. Be2 Be7 8. 0-0 Nc6 9. Nxc6 bxc6 10. e5 dxe5 11. Bxf6 gxf6 12. Qxd8+ Kxd8 13. Na4 Kc7 14. c4 c5 15. Bf3 Bb7 16. Bxb7 Kxb7 17. Rfd1 Rhd8 18. Kf1 Kc6 19. Ke2 Rd4 20. Rxd4 exd4 21. Kd3 e5 22. Re1 Bd6 23. Ke4 Rg8 24. g3 Kd7 25. Kf5 Be7 26. h4 h5 27. Nb6+ Ke8 28. Nd5 Rg6 29. Rd1 Rg4 30. Re1 Rg6 31. Re2 Kf8 32. Re1 Bd8 33. a3 a5 34. Rb1 Kg7 35. a4 Rg4 36. Re1 d3 37. b3 Rd4 38. Nc3 d2 39. Rd1 Rd3 40. Nd5 Rf3+ 41. Ke4 Rxf2 42. Ke3 Rg2 43. Kf3 Rh2 44. Ne3 f5 45. Nxf5+ Kg6 46. Ne3 f5 47. Nf1 e4+ 48. Ke3 Rg2 49. Rxd2 Rxd2 50. Kxd2 Bc7 51. Ke3 Be5 52. Kf2 f4 53. gxf4 Bxf4 54. Ke2 Kf5 55. Ne3+ Bxe3 56. Kxe3 Ke5 57. Ke2 Kd4 58. Kd2 e3+ 59. Ke2 Ke4 60. Ke1 Kd3 61. Kd1 e2+ 62. Ke1 Ke3 63. b4 axb4 0-1